American WW2 Tanks by Image - Statistics

General Stats
  • This quiz has been taken 1,073 times
  • The average score is 8 of 14
Answer Stats
Picture Answer % Correct
M3A1 Lee
87%
M18 Hellcat
76%
M2 Medium Tank
73%
M22 Locust
69%
M10
62%
M26 Pershing
61%
M24 Chaffee
57%
T28 Super Heavy Tank
53%
M4A3 Sherman
52%
M6 Heavy Tank
52%
M3 Stuart
49%
M36
43%
M5A1 Stuart
35%
M4A3E8 “Easy Eight”
29%
No matching quizzes found
Score Distribution
Percent of People with Each Score
Percentile by Number Answered
Your Score History
You have not taken this quiz